Globalizace a světová ekonomika

Obsahové vymedzenie pojmu globalizácia. Hlavné prejavy globalizácie. Nerovnomernosť globalizovaného ekonomického vývoja. Dôsledky globalizácie. Pozitíva a negatíva globalizácie. Riešenie negatívnych vplyvov globalizácie.

Enregistré dans:
Détails bibliographiques
Auteur principal: Jeníček, Vladimír
Format: Chapitre de livre
Langue:tchèque
Sujets:
Tags: Ajouter un tag
Pas de tags, Soyez le premier à ajouter un tag!

MARC

LEADER 00000naa a2200000 4500
001 r048013
005 20231003115622.0
041 0 |a cze 
044 |a CZ 
245 1 0 |a Globalizace a světová ekonomika  |c Vladimír Jeníček 
520 |a Obsahové vymedzenie pojmu globalizácia. Hlavné prejavy globalizácie. Nerovnomernosť globalizovaného ekonomického vývoja. Dôsledky globalizácie. Pozitíva a negatíva globalizácie. Riešenie negatívnych vplyvov globalizácie. 
610 2 0 |a internacionalizácia 
610 2 0 |a globalizácia 
610 2 0 |a hospodárstvo svetové 
610 2 0 |a pojmy 
610 2 0 |a technológie informačné 
610 2 0 |a technológie komunikačné 
610 2 0 |a liberalizácia 
610 2 0 |a obchod svetový 
610 2 0 |a trh medzinárodný 
610 2 0 |a politika 
610 2 0 |a rast hospodársky 
610 2 0 |a trh práce 
100 1 |a Jeníček, Vladimír